00475nam a2200157Ia 450000500170000000800410001708200130005824500220007126000390009330000130013250000330014570000190017894200060019795200990020399900150030220250509065437.0240331s9999 xx 000 0 und d bSOLa891 0aSollaatha sehikal aJaffnabWomen's Study Circlec1986 a42 p . , aA collection of Twenty Poems aSangari. eedt cL 001040708LaWERCLbWERCLcSSCd2024-03-31l0o 894.811 SOLp2375r2024-03-31w2024-03-31yL c4315d4315